000 01003nam a2200265 a 4500
001 000037295
005 20260520104306.0
008 120321s2010 bl d 000 0 spa d
020 _a9788579830655
040 _aDO-SdBNP
_bspa
_cBNPHU
082 _a327
_bN945
245 0 0 _aNovos atores e relacoes internacionais /
_corganizadores Lídia M. Vianna Possas, José Blanes Sala.
260 _aSao Paulo, Brasil :
_bCultura acadêmica,
_c2010.
300 _avi, 444 p. :
_bdiagrs. ;
_c23 cm.
650 0 _aRelaciones internacionales
_9399
651 4 _aBrasil
_xRelaciones Económicas
_963735
651 4 _aBrasil
_xRelaciones Económicas Exteriores
_963736
651 4 _aRussia
_xRelaciones Económicas Exteriores
_963737
651 4 _aIndia
_xRelaciones Económicas Exteriores
_963738
651 4 _aChina
_xRelaciones Económicas Exteriores
_963739
653 _aBRICs
700 1 2 _aVianna Possas, Lídia M.
_963740
700 1 2 _aBlanes Sala, José.
_963741
910 _aValidado. Control de calidad MFF
999 _c36785
_d36785